On the sequential order

Podrobná bibliografia
Hlavní autori: Frič, Roman, 1944-2021 (Autor), Gerlits, János (Autor)
Médium: Článok
Jazyk:slovenčina
angličtina
Fyzický popis:Lit. 19 zázn. v angl.
ISSN:0139-9918
Predmet:

MARC

LEADER 00000nab a2200000 a 4500
001 vtls000502240
003 SK-MaSNL
005 20260304091933.0
008 250425c1992 xo 0 slo
015 |a SNBRB19rr/mm-uuuuu 
035 |a CL0502378 
035 |a urn:nbn:sk:snk-abbnyv 
035 |a (urnnbn)urn:nbn:sk:snk:ar-006lfa 
035 |a (uuid)fa044f62-8328-4a6f-aae9-0f890937fa59 
040 |a SNKBUCL  |b slo  |c SNKBUCL  |e AACR2 
041 0 |a eng 
044 |a xo  |c SK 
080 |a 515.122:515.52  |2 1981 
080 |a 515.52  |2 1981 
100 1 |a Frič, Roman,  |d 1944-2021  |4 aut  |9 39810 
245 1 0 |a On the sequential order  |c Roman Frič, János Gerlits 
300 |b Lit. 19 zázn. v angl. 
650 0 7 |a priestory topologické  |2 snkbucl  |9 979213 
650 0 7 |a konvergencia sekvenčná  |2 snkbucl  |9 1384957 
655 7 |a články z novín a časopisov  |2 snkbucl  |9 267496 
700 1 |a Gerlits, János  |4 aut  |9 1384958 
773 0 |t Mathematica slovaca  |g Roč. 42, č. 4 (1992), s. 505-512  |x 0139-9918 
850 |a Slovenská národná knižnica 
852 |a Slovenská národná knižnica 
958 |a article15 
958 |a OND 
958 |a NB 
958 |a RK 
958 |a HU 
958 |a EUIPO 
992 |a RBX 
999 |c 2817480  |d 2819410